MDQL
is popping MORE tags! Check the
thread
!
Quizzes
Events
Quiz Creation
Community
Videos
Private Events
Remove Ads
Sign In
Join for FREE
Feedback
Dark Mode
Quiz Categories
Sports
Geography
Music
Movies
Television
Just For Fun
Miscellaneous
History
Literature
Language
Science
Gaming
Entertainment
Religion
Holiday
For Kids
Quiz Lab
Recent
Popular Today
Quiz Kudos Today
Editor Picks
Curator Picks
Quizzes by...
Day
Popularity
Type
Ratings
Length
Year
Community
Subscriptions
Recent Discussions
Orange Saloon
Badges
Playlists
Quests
Create
Leaderboards
Showdown
Live 5
Trivia Bingo
Activity
Puzzle Library
Sporcle Events
Private Events
Virtual Trivia
Globe League
Become a Host
Pub Owners
SporcleCon
Opinionation
Our Games
Videos
Blog
Mobile Apps
Partnerships
Remove Ads and Go Orange
Feedback
Movies
Disney
Marvel Cinematic Universe
Movie Resume
Movie Titles
Oscar
Actor
Actress
Director
Pixar
Role
Movie Quotes
Movie Characters
Box Office
Nominee
Best Picture
Star Wars
James Bond
Horror Movies
Movies
Disney
Marvel Cinematic Universe
Movie Resume
Movie Titles
Oscar
Actor
Actress
Director
Pixar
Role
Movie Quotes
Movie Characters
Box Office
Nominee
Best Picture
Star Wars
James Bond
Horror Movies
Random Quiz
Search Sporcle
×
Quiz Lab
Quiz Lab
Movies
Quote
Type in answers that appear in a list
Type in answers that appear in a list
Classic
Best Score? Go Orange.
The Phantom Menace Stats
Can you name the The twenty questions/quotes in the phantom menace?
By
RichyBoy
5m
20 Questions
98 Plays
98 Plays
98 Plays
Comments
Comments
Give Quiz Kudos
Give Quiz Kudos
-
- Ratings
hide this ad
Forced Order
Answers have to be entered in order
Answers have to be entered in order
Replay
Link that replays current quiz
Next Quiz
Link to next quiz in quiz playlist
You Got
0%
They Got
Avg Score
54%
Avg Friend Score
Upgrade to see
Score Distribution
Jump to the score distribution portion of the page
Score
0/20
Timer
05:00
0
Plays Today
Question/Quote
Answer
% Correct
Who spoke first?
Qui Gon Jinn
84.7%
Anakins podracing rival?
Sebulba
81.6%
Anakins mum?
Shmi Skywalker
81.6%
Qui gon: there is always a....
bigger fish
75.5%
Who controls Tatooine?
The Hutts
73.5%
Mace Windu:but which was destroyed the_
_
_
_
_
_
_
_
or the_
_
_
_
_
_
_
_
_
_
master apprentice
65.3%
The name of Padme's double
Sabe
64.3%
Yoda: Fear leads to anger, anger leads to hate, hate....
leads to suffering
63.3%
How is Qui gon jinn killed?
Stabbed
59.2%
Who is the only other jedi from the same species as Yoda?
Yaddle
58.2%
Question/Quote
Answer
% Correct
Name of the droid who serves Qui Gon and Obi wan when they are on the trade federation battleship?
Tc14
55.1%
Qui gon: Our meeting was not a....
coincidence
55.1%
Obi wan: why do i sense we've picked up another.....
pathetic lifeform
49%
What city do Qui Gon and Obi wan duel Darth Maul
Theed,Naboo
46.9%
Where does Padme say the viceroy are?
The Throne room
38.8%
Who says 'we are a dimocracy the people have decided'
Sio Bibble
34.7%
Panaka:I think you can kiss your_
_
_
_
_
_
_
_
_
_
_
_
_
_
_
_
goodbye
trade franchise
30.6%
Padme: You're a funny little boy....
how do you know so much
27.6%
How many times is someone kicked in that duel?
6
27.6%
The name of the ship that escaped naboo to go to coruscant?
Nubian
25.5%
Quiz Playlist
Details
Report
Send in Message
Add To Playlist
Classic:
Type in answers that appear in a list
Forced Order:
Answers have to be entered in order
Last Updated: Feb 16, 2017
Quiz Scoreboard
CHALLENGE
Sign Up to Join the Scoreboard
Show All
Scores
Hide
Comments
May contain spoilers
Recently Published
Two Season TV Shows II
by 123Four
Television
10m
Image Sorting: Flags VI
by Barbecue
Geography
2m
Find the 'City' Movie
by crazypaving
Movies
60s
More to Explore
Quiz From the Vault
Featured Blog Post
14 Easter Pick-up Lines to Find Eggs With
hide this ad
You Might Also Like...
Tags
Quote Quiz
menace
phantom
Thirty
Today's Top Quizzes in Movies
Browse Movies
hide this ad
Today's Top Quizzes in Quote
Browse Quote
Top Contributed Quizzes in Movies
1
The ultimate James Bond movie quiz
2
Find The 'Big' Movie
3
Find The 'Wild' Movie
4
Find The 'Blue' Movie
5
Movies By Plot
6
Hidden Star Wars Character II
7
Pick 5 Posters: Directed by Spielberg
8
Hidden Star Wars Character III
9
Hidden Star Wars Character IV
10
25 Best Actor Nominees (1990s)
Explore More
Trending Topics
Harry Potter
Disney
Kpop
Marvel
NBA
Crossword
Anime
The Office
Country
Pokémon
Soccer
Puzzle
WWE
NFL
Song
hide this ad
More By:
RichyBoy
Quiz
Plays
Rating
Category
Featured
Created
Star by movies
1,269
1.69
Movies
Oct 29, 2012
Star Wars Trivia
1,066
1.20
Movies
Oct 29, 2012
Order of LOTR characters enter the room
706
4.83
Movies
Oct 30, 2012
Star Wars Jedi/Sith
165
Movies
Oct 29, 2012
Star wars actors/actresses
112
4.00
Movies
Oct 29, 2012
Go to Creator's Profile
Score Distribution
Quiz Creator Spotlight
RichyBoy
Follow
Send a Message
Quizzes Created
-
Created Quiz Play Count
-
More By This Creator
Popular Quizzes Today
1
Find the US States - No Outlines Minefield
2
Colored Red Africa Blitz
3
Find the 'City' Movie
4
5x2 Blitz: Bands
5
The Countries of the World
6
Find the Countries of Europe - No Outlines Minefield
7
Find the US States
8
US States
More Movies Quizzes
Midsommar (2019)
Quiz Lab
Trending Quizzes
Colored Red Europe Blitz I
Colored Red Africa Blitz II
Colored Red Europe Blitz II
Colored Red Europe Blitz III
Colored Red Africa Blitz III
Recently Updated
How Do You Spell That?
pecheneg
Godzilla Movies
pecheneg
Grab Bag: 4-10 Letters
pecheneg
2024 March Madness Bracket
pecheneg
Famous TV Couples
Peacemaker
Champions League XIs: Real Madrid
pecheneg
Largest US Cities 1790-2010
pecheneg
Rides in Walt Disney World
pecheneg
Most Oscar Losses (Acting)
pecheneg
Beyoncé Albums
pecheneg
Trending Topics
Disney
Marvel
Harry Potter
Kpop
NBA
Crossword
Anime
Puzzle
NFL
WWE
Country
Pokémon
Song
Soccer
The Office
Your Account Isn't Verified!
In order to create a playlist on Sporcle, you need to verify the email address you used during registration. Go to your
Sporcle Settings
to finish the process.
Report this User
Report this user for behavior that violates our
Community Guidelines
.
Details:
Send Report
Go to the Sporcle.com Mobile Site →
Comments